000 00493cam a2200145 4500500
005 20260301001757.0
041 _afre
042 _adc
100 1 0 _aWybrands, Francis
_eauthor
245 0 0 _aThéodore Colardeau , Etude sur Epictète , Encre Marine, 2004, 340 pages, 35 €
260 _c2005.
500 _a13
786 0 _nÉtudes | 402 | 2 | 2005-02-01 | p. XVIII-XVIII | 0014-1941
856 4 1 _uhttps://shs.cairn.info/revue-etudes-2005-2-page-XVIII?lang=fr&redirect-ssocas=7080
999 _c1674252
_d1674252